LEADER 02846nam 22006615 450 001 9910458893303321 005 20210114165234.0 010 $a1-282-72288-3 010 $a9786612722882 010 $a3-11-021545-4 024 7 $a10.1515/9783110215458 035 $a(CKB)2670000000034155 035 $a(EBL)570560 035 $a(OCoLC)659500595 035 $a(SSID)ssj0000434853 035 $a(PQKBManifestationID)11315231 035 $a(PQKBTitleCode)TC0000434853 035 $a(PQKBWorkID)10423848 035 $a(PQKB)10910097 035 $a(WaSeSS)Ind00014733 035 $a(DE-B1597)36149 035 $a(OCoLC)1013939010 035 $a(OCoLC)965701945 035 $a(DE-B1597)9783110215458 035 $a(MiAaPQ)EBC570560 035 $a(EXLCZ)992670000000034155 100 $a20190708d2010 fg 101 0 $aeng 135 $aur||||||||||| 181 $ctxt 182 $cc 183 $acr 200 00$aNew Perspectives on Historical Latin Syntax. $hVolume 2, $iConstituent Syntax: Adverbial Phrases, Adverbs, Mood, Tense /$fPhilip Baldi, Pierluigi Cuzzolin 210 1$aBerlin ;$aBoston : $cDe Gruyter Mouton, $d[2010] 210 4$dİ2010 215 $a1 online resource (576 p.) 225 0 $aTrends in Linguistics. Studies and Monographs [TiLSM] ;$v180/2 300 $aDescription based upon print version of record. 311 $a3-11-020563-7 320 $aIncludes bibliographical references and indexes. 327 $t Frontmatter -- $tContents -- $tList of abbreviations -- $tProlegomena -- $tAdverbial Phrases -- $tAdverbs -- $tMood and Modality -- $tActionality, tense, and viewpoint -- $t Backmatter 330 $aNew Perspectives on Historical Latin Syntax: Constituent Syntax (Adverbial Phrases, Adverbs, Mood, Tense) is the second of four volumes dealing with the long-term evolution of Latin syntax, roughly from the 4th century BCE up to the 6th century CE. This volume, along with Volume 3, comprises chapters dealing with structure and evolution of syntactic phenomena below the level of the sentence. Topics treated in this volume include adverbs, adverbial phrases, mood/modality and tense/aspect. Chapters are distinguished by their depth of treatment, clear style and ample illustration with original ci 410 0$aTrends in linguistics.$pStudies and monographs ;$v180/1-3. 606 $aLatin language -- Syntax 606 $aLatin language 608 $aElectronic books. 615 4$aLatin language -- Syntax. 615 4$aLatin language. 676 $a400 686 $aFN 4495$2rvk 702 $aBaldi$b Philip, 702 $aCuzzolin$b Pierluigi, 801 0$bDE-B1597 801 1$bDE-B1597 906 $aBOOK 912 $a9910458893303321 996 $aNew Perspectives on Historical Latin Syntax$92466335 997 $aUNINA LEADER 05367nam 2200649Ia 450 001 9910144319203321 005 20170919181254.0 010 $a1-282-30827-0 010 $a9786612308277 010 $a0-470-14530-7 010 $a0-470-14551-X 035 $a(CKB)1000000000376310 035 $a(EBL)468925 035 $a(OCoLC)741345816 035 $a(SSID)ssj0000299742 035 $a(PQKBManifestationID)11242833 035 $a(PQKBTitleCode)TC0000299742 035 $a(PQKBWorkID)10243321 035 $a(PQKB)10671225 035 $a(MiAaPQ)EBC468925 035 $a(EXLCZ)991000000000376310 100 $a19870613d1986 uy 0 101 0 $aeng 135 $aur|n|---||||| 181 $ctxt 182 $cc 183 $acr 200 00$aElectron-transfer and electrochemical reactions$b[electronic resource] $ephotochemical and other energized reactions /$feditor, J.J. Zuckerman; subject index editor, A.P. Hagen 210 $a[Deerfield Beach, FL] $cVCH$dc1986 215 $a1 online resource (426 p.) 225 0 $aInorganic reactions and methods ;$vv. 15 300 $aDescription based upon print version of record. 311 $a0-471-18665-1 320 $aIncludes bibliographical references. 327 $aInorganic Reactions and Methods; Contents; How to Use this Book; Preface to the Series; Editorial Consultants to the Series; Contributors to Volume 15; Electron-Transfer and Electrochemical Reactions; Introduction; Electron Transfer; Introduction; Classification of Electron-Transfer Reactions; Outer-Sphere Reactions; Examples of Outer-Sphere Reactions; Outer-Sphere Transition States; Inner-Sphere Reactions; Inner-Sphere Reactions: Scheme I; Inner-Sphere Reactions: Scheme II; Inner-Sphere Reactions: Scheme Ill; Double-Ligand Bridging; Other Reaction Classes 327 $aMixed Outer- and Innersphere ReactionsIntramolecular Electron Transfer; Two-Electron Transfers; Theory of Electron-Transfer Reactions; The Stability of the Precursor Complex; Potential-Energy Surfaces; of Zero Order.; of First Order.; The Electronic Factor; Electron-Exchange Reactions; The Reorganization Energy; Nuclear Tunneling in Electron Exchange; Quantum-Mechanical Treatment; Comparison of Observed and Calculated Parameters for Electron Exchange; Electron Transfer Accompanied by a Net Chemical Change; Semiclassical Treatment; Cross Reactions and Electron-Exchange Rates 327 $aQuantum-Mechanical TreatmentConclusions; General Reactivity Patterns in Electron Transfer; The Inner-Shell Reorganization Energy: Exchange Rates of Aquo Ions; Variations with Ligand: The Outer-Shell Reorganization Energy; Electronic Factors: Nonadiabaticity; Free-Energy Relations; Inner-Sphere Versus Outer-Sphere Electron Transfer; Rate Saturation in Electron Transfer; Specific Reactivity Patterns in Electron-Transfer Reactions; Variation with the Reductant; One-Electron Reductants; Two-Electron Reductants; Variation with the Oxidant; One-Electron Oxidants; Multiple-Electron Oxidants 327 $aOxidation and Reduction of Coordinated LigandsCatalysis in Electron-Transfer Reactions; Catalyzed Electron Transfer; Catalyzed Ligand Substitution; Induced Electron-Transfer Reactions; Photoinduced Electron-Transfer Reactions; Electrochemical Reactions; Introduction; The Electrode Process; Reversibility; Electrochemical Reversibility; Chemical Reversibility; Complex Electrode Mechanisms; Diagnostic Electrochemical Measurements; Voltammetric Methods; Direct-Current Polarography; Pulse-Polarographic Methods; Alternating-Current Polarography; Cyclic Voltammetry; Evaluation of Formal Potentials 327 $aInvolving Stable Reactants and Products.Involving Unstable Electrode Products.; Involving Reactants Undergoing Multiple- Electrode Reactions.; Chemical Reactions Accompanying Electrode Reactions; Reactions Preceding Electron Transfer (CE); Slow-Reaction (1 >a) Limit; Intermediate-Reaction Kinetics; Reactions Following Electron Transfer (EC); Giving Electroinactive Products.; Giving Electroactive Products (ECE).; Other Coupled Chemical Reactions; Electrochemical Synthesis; by Controlled-Potential Electrolysis.; Involving Bulk Preparations.; Conclusions 327 $aThermodynamics of Simple Electrochemical Reactions 330 $aHow to Use this Book. Preface to the Series. Editorial Consultants to the Series. Contributors to Volume 15. 12. Electron-Transfer and Electrochemical Reactions. 12.1. Introduction. 12.2. Electron Transfer. 12.3. Electrochemical Reactions. 13. Photochemical and Other Energized Reactions. 13.1. Introduction. 13.2. Photosubstitution and Photoisomerization. 13.3. Photoinduced Cleavage of Metal-Metal Bonds. 13.4. Photoinduced Electron-Transfer Reactions. 13.5. Pulse Radiolysis. List of Abbreviations. Author Index. Compound Index. Subject Index 410 0$aInorganic Reactions and Methods 606 $aPhotochemistry 606 $aCharge transfer 608 $aElectronic books. 615 0$aPhotochemistry. 615 0$aCharge transfer. 676 $a541.3/9 676 $a541.39 701 $aZuckerman$b J. J$g(Jerold J.),$f1936-1987.$0857123 801 0$bMiAaPQ 801 1$bMiAaPQ 801 2$bMiAaPQ 906 $aBOOK 912 $a9910144319203321 996 $aElectron-transfer and electrochemical reactions$92179701 997 $aUNINA